Export, Import Procedures, Documentation And Logistics (Record no. 4400)

MARC details
005 - DATE AND TIME OF LATEST TRANSACTION
control field 20250619102246.0
020 ## - INTERNATIONAL STANDARD BOOK NUMBER
International Standard Book Number 978-81-89922-63-4
082 ## - DEWEY DECIMAL CLASSIFICATION NUMBER
Classification number 636.089MUK
100 ## - MAIN ENTRY--PERSONAL NAME
Author name Mukherjee. Abir lal
245 ## - TITLE STATEMENT
Title Export, Import Procedures, Documentation And Logistics
260 ## - PUBLICATION, DISTRIBUTION, ETC.
Place of publication, distribution, etc. India,
Name of publisher, distributor, etc. Venus Books,
Date of publication, distribution, etc. 2014.
300 ## - PHYSICAL DESCRIPTION
Extent 281p.;ill,
Other physical details Index
Dimensions 23cm
942 ## - ADDED ENTRY ELEMENTS (KOHA)
Source of classification or shelving scheme Dewey Decimal Classification
Koha item type Books
Holdings
Date last seen Total checkouts Full call number Barcode Cost, replacement price Price effective from Koha item type Lost status Source of classification or shelving scheme Damaged status Not for loan Withdrawn status Home library Current library Shelving location Date acquired Source of acquisition Cost, normal purchase price
06/19/2025   636.089MUK DOM0003699 90000.00 06/19/2025 Books   Dewey Decimal Classification       CBE Dodoma CBE Dodoma Special Reserve Collection 06/19/2025 01/01/2020 30000.00
06/19/2025   636.089MUK DOM0003694 90000.00 06/19/2025 Books   Dewey Decimal Classification       CBE Dodoma CBE Dodoma Special Reserve Collection 06/19/2025 01/01/2020 30000.00